[Event "4NCL"]
[Site "Barcelo Hotel, Daventry, ENG"]
[Date "2010.11.07"]
[Round "2.51"]
[White "Cooksey, Paul S"]
[Black "McMichael, Richard J"]
[Result "1/2-1/2"]
[WhiteElo "2267"]
[BlackElo "2285"]
[PlyCount "53"]
[EventDate "2010.??.??"]
[WhiteTeam "Guildford A&DC 2"]
[BlackTeam "Kings Head"]

1. d4 e6 2. Nf3 f5 3. g3 Nf6 4. Bg2 d5 5. O-O Bd6 6. c4 c6 7. b3 Qc7 8. Bb2 O-O
9. Qc1 Nbd7 10. Ba3 Ne4 11. Bxd6 Nxd6 12. Nbd2 Nf6 13. Ne5 Bd7 14. Qb2 Be8 15.
f3 Rd8 16. Rfe1 g5 17. e3 Qg7 18. Qa3 a6 19. Qb4 h5 20. c5 Nc8 21. a4 Kh8 22.
Qa5 Qe7 23. b4 Kg7 24. Bf1 Na7 25. Qb6 Nc8 26. Qa5 Na7 27. Qb6 1/2-1/2

[Event "4NCL"]
[Site "Barcelo Hotel, Daventry, ENG"]
[Date "2010.11.07"]
[Round "2.52"]
[White "Thomas, Rik H"]
[Black "Thompson, Ian D"]
[Result "1/2-1/2"]
[WhiteElo "2197"]
[BlackElo "2268"]
[PlyCount "97"]
[EventDate "2010.??.??"]
[WhiteTeam "Kings Head"]
[BlackTeam "Guildford A&DC 2"]

1. Nf3 d5 2. d4 Nf6 3. c4 e6 4. Nc3 c6 5. cxd5 exd5 6. Bg5 Be7 7. e3 Bf5 8. Bd3
Bxd3 9. Qxd3 Nbd7 10. O-O O-O 11. Rab1 a5 12. Rbd1 Re8 13. Nd2 b5 14. a4 b4 15.
Ne2 c5 16. dxc5 Nxc5 17. Qb1 Nxa4 18. Nd4 Qd7 19. N2f3 Ng4 20. Bxe7 Qxe7 21.
Nf5 Qf6 22. Rd4 Ne5 23. Nxe5 Rxe5 24. Ng3 Nc5 25. Rfd1 Ne4 26. Nxe4 dxe4 27.
Rxe4 Rxe4 28. Qxe4 Rd8 29. Rxd8+ Qxd8 30. g3 g6 31. Qc6 Kg7 32. Kg2 Qf6 33. Qc2
a4 34. Qxa4 Qxb2 35. e4 Qd4 36. e5 Qd5+ 37. Kg1 b3 38. Qb4 h5 39. h4 Qd3 40.
Qb6 Qc4 41. Kg2 Kh7 42. Qb7 Kh6 43. Qb8 Qd5+ 44. Kg1 Kh7 45. Qb6 Qd1+ 46. Kg2
Qc2 47. Qb7 Qc4 48. Qb6 Qe6 49. Qb5 1/2-1/2

[Event "4NCL"]
[Site "Barcelo Hotel, Daventry, ENG"]
[Date "2010.11.07"]
[Round "2.54"]
[White "Guthrie, David"]
[Black "Meyer, Gordon"]
[Result "1/2-1/2"]
[WhiteElo "2175"]
[BlackElo "2166"]
[PlyCount "43"]
[EventDate "2010.??.??"]
[WhiteTeam "Kings Head"]
[BlackTeam "Guildford A&DC 2"]

1. d4 Nf6 2. c4 g6 3. Nc3 Bg7 4. e4 d6 5. Nf3 O-O 6. Be2 e5 7. O-O Nc6 8. d5
Ne7 9. Nd2 Nd7 10. b4 f5 11. c5 dxc5 12. bxc5 Nxc5 13. Ba3 b6 14. Bxc5 bxc5 15.
Bc4 Kh8 16. Rb1 fxe4 17. Ndxe4 Nf5 18. Nxc5 Qh4 19. Qd3 Nd6 20. N3e4 Rf5 21. g3
Qh3 22. f3 1/2-1/2

[Event "4NCL"]
[Site "Barcelo Hotel, Daventry, ENG"]
[Date "2010.11.07"]
[Round "2.55"]
[White "Singleton, Michael PF"]
[Black "Mackenzie, Colin"]
[Result "1-0"]
[WhiteElo "2162"]
[BlackElo "2118"]
[PlyCount "69"]
[EventDate "2010.??.??"]
[WhiteTeam "Guildford A&DC 2"]
[BlackTeam "Kings Head"]

1. d4 e6 2. c4 Nf6 3. Nc3 Bb4 4. e3 O-O 5. Nge2 d5 6. a3 Be7 7. Ng3 c5 8. dxc5
dxc4 9. Qc2 Nc6 10. Bxc4 Ne5 11. Be2 Bxc5 12. O-O Bd7 13. b4 Bb6 14. Bb2 Rc8
15. Qb3 Nfg4 16. Nce4 Qc7 17. Rac1 Qb8 18. Nc5 Bxc5 19. bxc5 Nf6 20. Qc3 Nc6
21. Rfd1 Rfd8 22. Ne4 e5 23. Nd6 Rc7 24. f4 Ne8 25. fxe5 Be6 26. Bc4 Re7 27.
Rf1 Rdd7 28. Nf5 Bxf5 29. Rxf5 Qd8 30. Rcf1 Kh8 31. e6 Rd1 32. exf7 Rxf1+ 33.
Rxf1 Nf6 34. Qxf6 gxf6 35. Bxf6# 1-0

[Event "4NCL"]
[Site "Barcelo Hotel, Daventry, ENG"]
[Date "2010.11.07"]
[Round "2.56"]
[White "Stevenson, James AB"]
[Black "Hunt, Daniel"]
[Result "0-1"]
[WhiteElo "2097"]
[BlackElo "2035"]
[PlyCount "98"]
[EventDate "2010.??.??"]
[WhiteTeam "Kings Head"]
[BlackTeam "Guildford A&DC 2"]

1. d4 Nf6 2. Nf3 g6 3. Nc3 d5 4. Bf4 c6 5. e3 Bg7 6. Be2 Nbd7 7. Ne5 O-O 8. Qd2
Nxe5 9. Bxe5 b6 10. O-O-O Bb7 11. Bf3 b5 12. Kb1 a5 13. g4 Qb6 14. h4 c5 15.
dxc5 Qxc5 16. Qd4 Qxd4 17. Bxd4 b4 18. Bxf6 Bxf6 19. Nxd5 Kg7 20. e4 Bxd5 21.
Rxd5 e6 22. Rd3 Rad8 23. h5 h6 24. hxg6 fxg6 25. Be2 Rxd3 26. cxd3 Bd4 27. f3
Be3 28. Kc2 a4 29. Rd1 Rc8+ 30. Kb1 e5 31. d4 exd4 32. Bb5 a3 33. Bd7 Rc7 34.
Bb5 Kf6 35. Bd3 Ke5 36. Bc2 g5 37. bxa3 bxa3 38. Rd3 Kf4 39. Rxa3 Kxf3 40. Bd1+
Kxe4 41. Be2 Rc1+ 42. Kb2 Rh1 43. Kc2 Re1 44. Bd1 Kf4 45. Rd3 h5 46. gxh5 g4
47. h6 g3 48. h7 Rh1 49. Be2 g2 0-1

[Event "4NCL"]
[Site "Barcelo Hotel, Daventry, ENG"]
[Date "2010.11.07"]
[Round "2.57"]
[White "Punnett, Alan K"]
[Black "Davey, Mark"]
[Result "0-1"]
[WhiteElo "2087"]
[BlackElo "2002"]
[PlyCount "86"]
[EventDate "2010.??.??"]
[WhiteTeam "Guildford A&DC 2"]
[BlackTeam "Kings Head"]

1. e4 e5 2. Nf3 Nc6 3. d4 exd4 4. Nxd4 Nf6 5. Nxc6 bxc6 6. e5 Nd5 7. Bd3 d6 8.
c4 Nb4 9. Be4 dxe5 10. a3 f5 11. Bd2 Nd3+ 12. Bxd3 Qxd3 13. Qe2 Qxe2+ 14. Kxe2
Be6 15. Rc1 Bc5 16. Be3 Bxe3 17. Kxe3 O-O-O 18. Nd2 Rd4 19. b4 Rhd8 20. Ra2 Bf7
21. f3 Rh4 22. h3 g5 23. Rac2 Rhd4 24. Ke2 h5 25. Nf1 Rd3 26. Rc3 R3d4 27. R1c2
g4 28. hxg4 hxg4 29. Nd2 Bg6 30. Nb3 gxf3+ 31. Kxf3 Rd1 32. Nc5 f4 33. Rf2 Rh8
34. Kg4 Kd8 35. Kg5 Bb1 36. Kf6 Rh5 37. Rh3 Rd6+ 38. Kf7 Bg6+ 39. Kg7 Ke7 40.
Re2 Rg5 41. Kh6 Kf6 42. g3 Rd8 43. gxf4 Rh8# 0-1

[Event "4NCL"]
[Site "Barcelo Hotel, Daventry, ENG"]
[Date "2010.11.07"]
[Round "2.58"]
[White "Ehr, Jennifer"]
[Black "Dines, Sheila J"]
[Result "1/2-1/2"]
[WhiteElo "1507"]
[BlackElo "1936"]
[PlyCount "62"]
[EventDate "2010.??.??"]
[WhiteTeam "Kings Head"]
[BlackTeam "Guildford A&DC 2"]

1. e4 e5 2. Nf3 Nc6 3. Nc3 Nf6 4. d4 exd4 5. Nxd4 Bb4 6. Nxc6 bxc6 7. Bd3 O-O
8. O-O d5 9. exd5 cxd5 10. Bg5 c6 11. Qf3 Be7 12. h3 h6 13. Bh4 Nh7 14. Bxe7
Qxe7 15. Ne2 Ng5 16. Qg3 Ne4 17. Qe3 Re8 18. Ng3 Nxg3 19. Qxg3 Bd7 20. f3 Qf6
21. Rab1 a6 22. Qf2 Qg5 23. Kh2 Bf5 24. Bxf5 Qxf5 25. c3 Re6 26. Rfe1 Rae8 27.
Rxe6 fxe6 28. Re1 e5 29. Kg1 Qd3 30. Qb6 Qb5 31. Qc7 Qc5+ 1/2-1/2

[Event "4NCL"]
[Site "Barcelo Hotel, Daventry, ENG"]
[Date "2010.11.07"]
[Round "2.61"]
[White "Webb, Richard M"]
[Black "Swanson, Stephen"]
[Result "1/2-1/2"]
[WhiteElo "2268"]
[BlackElo "2269"]
[PlyCount "68"]
[EventDate "2010.??.??"]
[WhiteTeam "AMCA Dragons"]
[BlackTeam "Poisoned Pawns 1"]

1. e4 g6 2. d4 Bg7 3. Nc3 d6 4. f4 a6 5. Nf3 b5 6. Bd3 Nd7 7. e5 c5 8. Ng5 cxd4
9. e6 f5 10. exd7+ Bxd7 11. Ne2 e5 12. Ng3 Nf6 13. O-O e4 14. N3xe4 fxe4 15.
Nxe4 O-O 16. Bd2 Bf5 17. Nxf6+ Qxf6 18. Qf3 Rac8 19. a4 Bxd3 20. Qxd3 Qf5 21.
Rfc1 Rfe8 22. axb5 axb5 23. Qxf5 gxf5 24. Kf2 d3 25. cxd3 Bxb2 26. Rxc8 Rxc8
27. Ra6 d5 28. Kf3 d4 29. Bb4 Re8 30. Rb6 Re3+ 31. Kf2 Rxd3 32. Rxb5 Rb3 33.
Rb8+ Kf7 34. Bd6 Rxb8 1/2-1/2

[Event "4NCL"]
[Site "Barcelo Hotel, Daventry, ENG"]
[Date "2010.11.07"]
[Round "2.62"]
[White "Dunn, Andrew"]
[Black "Frostick, Clive A"]
[Result "1-0"]
[WhiteElo "2222"]
[BlackElo "2162"]
[PlyCount "161"]
[EventDate "2010.??.??"]
[WhiteTeam "Poisoned Pawns 1"]
[BlackTeam "AMCA Dragons"]

1. d4 d5 2. Nf3 e6 3. e3 c5 4. c3 Nf6 5. Bd3 Nbd7 6. Nbd2 b6 7. O-O Bb7 8. Ne5
Nxe5 9. dxe5 Nd7 10. f4 g6 11. Qe2 Bg7 12. e4 O-O 13. exd5 exd5 14. Nf3 Re8 15.
Bd2 f6 16. e6 Nf8 17. f5 gxf5 18. Bxf5 Bc8 19. Nh4 Bxe6 20. Qg4 Qd7 21. Rf3 Kh8
22. Raf1 Re7 23. Rh3 Bxf5 24. Nxf5 Rf7 25. Qh5 Re8 26. Bf4 Re6 27. Rg3 Rc6 28.
Bd6 Ne6 29. Re1 Ng5 30. Nxg7 Rxg7 31. Re8+ Rg8 32. Rxg8+ Kxg8 33. Bf4 Qf7 34.
Qd1 Kh8 35. Bxg5 fxg5 36. Rxg5 Rf6 37. Rxd5 Re6 38. Rd8+ Re8 39. Qd6 Rxd8 40.
Qxd8+ Kg7 41. Qg5+ Kf8 42. b3 Qe6 43. Qf4+ Kg7 44. Kf2 Qd5 45. c4 Qd1 46. Qg3+
Kh6 47. Qe3+ Kg7 48. Qc3+ Kg6 49. h3 Qb1 50. Qg3+ Kf6 51. Qf3+ Kg6 52. Qe2 Qa1
53. Qe8+ Kg7 54. Qe7+ Kg6 55. Qe4+ Kg7 56. Qg4+ Kf7 57. Qf4+ Kg7 58. Qd2 Qf6+
59. Kg1 Qa1+ 60. Kh2 Qe5+ 61. g3 h6 62. h4 Qe4 63. Qd7+ Kg6 64. Qd6+ Kg7 65.
Qd1 Qe3 66. Kh3 Qf2 67. a3 Qb2 68. Qd7+ Kh8 69. Qe8+ Kg7 70. Qe7+ Kg8 71. h5
Qc1 72. Qe6+ Kf8 73. Qd6+ Kf7 74. Qf4+ Qxf4 75. gxf4 Kf6 76. Kg4 Ke6 77. Kg3
Kf6 78. Kf3 Kf5 79. Ke3 Kg4 80. Ke4 Kxh5 81. f5 1-0

[Event "4NCL"]
[Site "Barcelo Hotel, Daventry, ENG"]
[Date "2010.11.07"]
[Round "2.63"]
[White "Coates, Kenneth G"]
[Black "Posazhennikov, Alex"]
[Result "0-1"]
[WhiteElo "2199"]
[BlackElo "2233"]
[PlyCount "60"]
[EventDate "2010.??.??"]
[WhiteTeam "AMCA Dragons"]
[BlackTeam "Poisoned Pawns 1"]

1. d4 f5 2. Nf3 Nf6 3. h3 d6 4. Nc3 g6 5. Bg5 Bg7 6. Bxf6 Bxf6 7. e4 c5 8. e5
cxd4 9. Bb5+ Bd7 10. Qxd4 dxe5 11. Nxe5 Bxb5 12. Qxd8+ Kxd8 13. Nf7+ Ke8 14.
Nxh8 Bc6 15. Nxg6 hxg6 16. O-O-O Bxc3 17. bxc3 Nd7 18. Rhe1 Kf7 19. f3 Nf6 20.
Rd4 Re8 21. a4 e5 22. Rc4 Nd5 23. a5 a6 24. g3 Nf6 25. Rf1 Nh5 26. g4 Nf4 27.
h4 Nd5 28. Rf2 Ne3 29. Rb4 Rh8 30. g5 f4 0-1

[Event "4NCL"]
[Site "Barcelo Hotel, Daventry, ENG"]
[Date "2010.11.07"]
[Round "2.64"]
[White "Byway, Paul V"]
[Black "Richardson, Keith B"]
[Result "1/2-1/2"]
[WhiteElo "2162"]
[BlackElo "2135"]
[PlyCount "75"]
[EventDate "2010.??.??"]
[WhiteTeam "Poisoned Pawns 1"]
[BlackTeam "AMCA Dragons"]

1. Nf3 g6 2. d4 Nf6 3. c4 Bg7 4. g3 O-O 5. Bg2 d6 6. O-O Nc6 7. Nc3 e5 8. d5
Ne7 9. e4 Nd7 10. b4 a5 11. Ba3 Bh6 12. Nd2 f5 13. bxa5 Rxa5 14. Bb4 Ra6 15.
Nb3 Nf6 16. exf5 gxf5 17. Nd2 c5 18. dxc6 Nxc6 19. Nd5 Nxb4 20. Nxb4 Rb6 21.
Nd5 Nxd5 22. Bxd5+ Kh8 23. f4 exf4 24. gxf4 Qh4 25. Nb3 Qg4+ 26. Kh1 Qxd1 27.
Raxd1 Rb4 28. Rd3 b5 29. Rg3 Bb7 30. Bxb7 bxc4 31. Na5 Rb5 32. Nxc4 Rxb7 33.
Nxd6 Rd7 34. Nb5 Rd2 35. Rg2 Rfd8 36. a4 Rxg2 37. Kxg2 Ra8 38. Nd6 1/2-1/2

[Event "4NCL"]
[Site "Barcelo Hotel, Daventry, ENG"]
[Date "2010.11.07"]
[Round "2.26"]
[White "Holland, James P"]
[Black "Borman, Philip J"]
[Result "1/2-1/2"]
[WhiteElo "2034"]
[BlackElo "2216"]
[PlyCount "59"]
[EventDate "2010.??.??"]
[WhiteTeam "AMCA Dragons"]
[BlackTeam "Poisoned Pawns 1"]

1. d4 Nf6 2. c4 c5 3. d5 b5 4. cxb5 a6 5. bxa6 g6 6. Nc3 Bxa6 7. g3 d6 8. Bg2
Bg7 9. Nf3 O-O 10. O-O Nbd7 11. Rb1 Nb6 12. b3 Bb7 13. Bb2 Nfxd5 14. Nxd5 Bxd5
15. Bxg7 Kxg7 16. a4 Be4 17. Rc1 Nd7 18. Nd2 Bxg2 19. Kxg2 Qb6 20. e4 Rab8 21.
f4 f5 22. exf5 Rxf5 23. Re1 Qb7+ 24. Qf3 Qxf3+ 25. Nxf3 Rxb3 26. Rxe7+ Rf7 27.
Re6 Rb2+ 28. Kg1 Rf6 29. Re7+ Rf7 30. Re6 1/2-1/2

[Event "4NCL"]
[Site "Barcelo Hotel, Daventry, ENG"]
[Date "2010.11.07"]
[Round "2.67"]
[White "Purdon, Colin"]
[Black "Winfridsson, Ola"]
[Result "1-0"]
[WhiteElo "2074"]
[BlackElo "2140"]
[PlyCount "43"]
[EventDate "2010.??.??"]
[WhiteTeam "AMCA Dragons"]
[BlackTeam "Poisoned Pawns 1"]

1. d4 Nf6 2. c4 e6 3. Nc3 Bb4 4. e3 c5 5. Bd3 Nc6 6. Nf3 Bxc3+ 7. bxc3 d6 8.
Nd2 e5 9. O-O O-O 10. Ne4 Nxe4 11. Bxe4 Qc7 12. dxc5 dxc5 13. Bd5 b6 14. e4 Rb8
15. f4 Na5 16. f5 b5 17. Qh5 Rb6 18. Bg5 g6 19. fxg6 Rxg6 20. Rf6 Be6 21. Rxg6+
hxg6 22. Qh6 1-0

[Event "4NCL"]
[Site "Barcelo Hotel, Daventry, ENG"]
[Date "2010.11.07"]
[Round "2.71"]
[White "Rudd, Jack"]
[Black "Foster, James J"]
[Result "1-0"]
[WhiteElo "2251"]
[BlackElo "2082"]
[PlyCount "57"]
[EventDate "2010.??.??"]
[WhiteTeam "Bristol 1"]
[BlackTeam "Sambuca Black Sheep"]

1. b3 d5 2. Bb2 Bf5 3. d3 e6 4. Nd2 Nf6 5. g3 c6 6. Bg2 Be7 7. e3 Nbd7 8. Ne2
Qc7 9. h3 h6 10. Nf3 Bb4+ 11. c3 Be7 12. g4 Bh7 13. g5 hxg5 14. Nxg5 Bf5 15.
Ng3 Bg6 16. h4 Nh5 17. Nxh5 Bxh5 18. Qc2 Nf6 19. Kd2 Ng4 20. Raf1 Nh2 21. Rfg1
Kd7 22. c4 f6 23. cxd5 fxg5 24. dxc6+ bxc6 25. Rxh2 Bb4+ 26. Kc1 Qxh2 27. Qxc6+
Ke7 28. Qb7+ Kd6 29. Qxb4+ 1-0

[Event "4NCL"]
[Site "Barcelo Hotel, Daventry, ENG"]
[Date "2010.11.07"]
[Round "2.72"]
[White "Edgell, Ben P"]
[Black "Beaumont, Chris R"]
[Result "1/2-1/2"]
[WhiteElo "2109"]
[BlackElo "2307"]
[PlyCount "56"]
[EventDate "2010.??.??"]
[WhiteTeam "Sambuca Black Sheep"]
[BlackTeam "Bristol 1"]

1. d4 Nf6 2. Nf3 g6 3. g3 Bg7 4. Bg2 d5 5. c4 dxc4 6. Na3 c5 7. Nxc4 Nc6 8. e3
O-O 9. O-O cxd4 10. exd4 Be6 11. b3 Bd5 12. Bb2 Rc8 13. Rc1 b5 14. Nce5 Qb6 15.
Qe2 e6 16. Nxc6 Rxc6 17. Ne5 Rxc1 18. Rxc1 Bxg2 19. Kxg2 Qb7+ 20. Qf3 Nd5 21.
Nc6 Qa6 22. a3 Rc8 23. Ne5 f6 24. Nd3 Rxc1 25. Nxc1 Qc6 26. Kg1 Bh6 27. Nd3 Qc2
28. Qe4 Qd1+ 1/2-1/2

[Event "4NCL"]
[Site "Barcelo Hotel, Daventry, ENG"]
[Date "2010.11.07"]
[Round "2.73"]
[White "Buckley, David E"]
[Black "Makepeace, Philip J"]
[Result "1-0"]
[WhiteElo "2237"]
[BlackElo "2088"]
[PlyCount "65"]
[EventDate "2010.??.??"]
[WhiteTeam "Bristol 1"]
[BlackTeam "Sambuca Black Sheep"]

1. e4 c6 2. d4 d5 3. Nc3 dxe4 4. Nxe4 Nf6 5. Nxf6+ gxf6 6. c3 Bf5 7. Nf3 Qc7 8.
g3 e6 9. Bg2 Nd7 10. O-O O-O-O 11. b4 h5 12. Nh4 Bg6 13. Qb3 Bd3 14. Rd1 Ba6
15. a4 b6 16. b5 Bb7 17. a5 cxb5 18. Qxb5 Bxg2 19. Nxg2 Ne5 20. Bf4 Qc4 21.
Qxc4+ Nxc4 22. axb6 axb6 23. Ra7 Rd7 24. Ra8+ Kb7 25. Rda1 Na5 26. Rb8+ Kc6 27.
Rb1 Rb7 28. Rd8 Ra7 29. h4 Rb7 30. Ne3 e5 31. dxe5 fxe5 32. Bxe5 Rg8 33. Bd6
1-0

[Event "4NCL"]
[Site "Barcelo Hotel, Daventry, ENG"]
[Date "2010.11.07"]
[Round "2.74"]
[White "Coddington, Oliver ED"]
[Black "Dilleigh, Stephen P"]
[Result "1/2-1/2"]
[WhiteElo "1981"]
[BlackElo "2110"]
[PlyCount "95"]
[EventDate "2010.??.??"]
[WhiteTeam "Sambuca Black Sheep"]
[BlackTeam "Bristol 1"]

1. g4 d5 2. h3 e5 3. c4 d4 4. Bg2 c5 5. d3 Nc6 6. Nf3 Nge7 7. Bg5 f6 8. Bh4 Ng6
9. Bg3 Bd6 10. Nbd2 Nf4 11. Bxf4 exf4 12. Ne4 f5 13. Nxd6+ Qxd6 14. gxf5 Bxf5
15. Qa4 Bd7 16. Ng5 Qe7 17. h4 h6 18. Ne4 Ne5 19. Qa5 Bc6 20. O-O-O O-O 21. Bf3
b6 22. Qd2 Nxc4 23. dxc4 Bxe4 24. Bxe4 Qxe4 25. Qd3 Rae8 26. Kd2 f3 27. Qxe4
Rxe4 28. Rde1 Rfe8 29. e3 Rd8 30. Kd3 Rg4 31. b3 Rf8 32. Rh3 h5 33. Reh1 Rf6
34. R1h2 dxe3 35. Kxe3 Rd4 36. Rg3 Rd1 37. Rg5 Re1+ 38. Kd3 Re2 39. Rxh5 Rxa2
40. Re5 Kf7 41. Re3 Rf4 42. h5 a5 43. Re4 Rf6 44. Rg4 Rb2 45. Kc3 Re2 46. Rg5
Rf4 47. Rd5 Rf6 48. Rd7+ 1/2-1/2

[Event "4NCL"]
[Site "Barcelo Hotel, Daventry, ENG"]
[Date "2010.11.07"]
[Round "2.75"]
[White "Stewart, Joseph"]
[Black "Harley-Yeo, Gareth"]
[Result "1-0"]
[WhiteElo "2082"]
[BlackElo "2003"]
[PlyCount "114"]
[EventDate "2010.??.??"]
[WhiteTeam "Bristol 1"]
[BlackTeam "Sambuca Black Sheep"]

1. e4 c5 2. Nf3 e6 3. Qe2 b6 4. g3 Bb7 5. Bg2 d5 6. exd5 Bxd5 7. O-O Nf6 8. Rd1
Nbd7 9. Nc3 Bc6 10. d4 cxd4 11. Nxd4 Bxg2 12. Kxg2 Qc7 13. Ncb5 Qb7+ 14. f3 Be7
15. Nf5 Kf8 16. Nxe7 Kxe7 17. Bf4 Kf8 18. Rd2 h6 19. Rad1 Nd5 20. Bd6+ Kg8 21.
c4 N5f6 22. Be7 Nf8 23. Bxf6 gxf6 24. Nd6 Qc7 25. Qe4 Rd8 26. Qf4 f5 27. Nxf5
Rxd2+ 28. Rxd2 Qxf4 29. Ne7+ Kg7 30. gxf4 Kf6 31. Nc6 Ng6 32. Kg3 Rg8 33. Rd8
Rg7 34. Nxa7 Ne5+ 35. Kf2 Nxc4 36. b3 Na5 37. Rb8 Kf5 38. Rxb6 Nxb3 39. axb3
Kxf4 40. Nc6 e5 41. Ne7 f5 42. Ng6+ Kg5 43. Nxe5 Ra7 44. h4+ Kxh4 45. Rxh6+ Kg5
46. Rg6+ Kh5 47. Rg1 Ra2+ 48. Ke3 Rb2 49. Kf4 Kh6 50. Kxf5 Rxb3 51. f4 Rb4 52.
Ng4+ Kg7 53. Kg5 Rb5+ 54. f5 Ra5 55. Rb1 Kh8 56. Kg6 Ra8 57. Nf6 Ra1 1-0

[Event "4NCL"]
[Site "Barcelo Hotel, Daventry, ENG"]
[Date "2010.11.07"]
[Round "2.76"]
[White "McCullough, Simon L"]
[Black "Collier, David O"]
[Result "1/2-1/2"]
[WhiteElo "2021"]
[BlackElo "2115"]
[PlyCount "60"]
[EventDate "2010.??.??"]
[WhiteTeam "Sambuca Black Sheep"]
[BlackTeam "Bristol 1"]

1. e4 c6 2. d4 d5 3. Nc3 dxe4 4. Nxe4 Bf5 5. Ng3 Bg6 6. h4 h6 7. Nf3 Nd7 8. h5
Bh7 9. Bd3 Bxd3 10. Qxd3 e6 11. Bd2 Qc7 12. c4 Ngf6 13. Bc3 O-O-O 14. Qe2 c5
15. Rd1 Bd6 16. Ne5 Nb6 17. dxc5 Bxc5 18. O-O Rxd1 19. Rxd1 Rd8 20. Rxd8+ Kxd8
21. Ne4 Nxe4 22. Qxe4 Ke8 23. Qh7 Bf8 24. Qg8 Nxc4 25. Ng4 e5 26. Qh7 Qd7 27.
Qe4 Qc6 28. Qxc6+ bxc6 29. Nxe5 Nxe5 30. Bxe5 Kd7 1/2-1/2

[Event "4NCL"]
[Site "Barcelo Hotel, Daventry, ENG"]
[Date "2010.11.07"]
[Round "2.78"]
[White "Nettleton, Charlie B"]
[Black "Maroroa, Sue"]
[Result "1-0"]
[WhiteElo "1824"]
[BlackElo "1981"]
[PlyCount "87"]
[EventDate "2010.??.??"]
[WhiteTeam "Sambuca Black Sheep"]
[BlackTeam "Bristol 1"]

1. d4 Nf6 2. c4 g6 3. Nc3 Bg7 4. e4 d6 5. Be2 Nbd7 6. Be3 c6 7. g4 Qa5 8. f3 e5
9. d5 c5 10. Bd2 Qb6 11. Qb3 a6 12. Qxb6 Nxb6 13. a4 Bd7 14. Nh3 h5 15. Nf2
hxg4 16. fxg4 O-O-O 17. a5 Na8 18. b4 cxb4 19. Ncd1 Rh4 20. h3 Rdh8 21. Rg1 Ne8
22. c5 dxc5 23. Rc1 Bf8 24. Bxb4 Nac7 25. Bxc5 Bxc5 26. Rxc5 Nd6 27. Rg3 Kb8
28. Rgc3 Ncb5 29. Bxb5 Nxb5 30. Rg3 Nd4 31. d6 f6 32. Ne3 Bc6 33. Nd5 Rd8 34.
Ne7 Rxd6 35. Nxg6 Rh7 36. g5 fxg5 37. Nxe5 Re7 38. Nxc6+ bxc6 39. Rcxg5 Ne6 40.
Rb3+ Ka7 41. Rg6 Rd4 42. Rb6 Nd8 43. h4 Re5 44. Rg7+ 1-0

[Event "4NCL"]
[Site "Barcelo Hotel, Daventry, ENG"]
[Date "2010.11.07"]
[Round "2.81"]
[White "Ashton, Adam G"]
[Black "Lock, Gavin R"]
[Result "0-1"]
[WhiteElo "2330"]
[BlackElo "2198"]
[Annotator "Hewitt,Sean"]
[PlyCount "77"]
[EventDate "2010.??.??"]
[WhiteTeam "3Cs 1"]
[BlackTeam "Wessex 1"]

1. e4 e6 2. Nf3 d5 3. Nc3 Nf6 4. e5 Nfd7 5. d4 c5 6. dxc5 Nc6 7. Bf4 Bxc5 8.
Bd3 f6 9. exf6 Qxf6 10. Bg3 O-O 11. O-O a6 12. Qe2 Qh6 13. Rfe1 Nf6 14. Ne5 Nh5
15. Bh4 Nf4 16. Qg4 Nxe5 17. Rxe5 Nxd3 18. cxd3 Rf4 19. Qh5 Rxh4 20. Qe8+ Bf8
21. h3 Qg6 22. Qd8 Qf6 23. Qc7 h6 24. Rae1 Qf7 25. Qd8 Rf4 26. R1e2 b5 27. Rxe6
Bxe6 28. Qxa8 b4 29. Na4 Rf6 30. Nc5 Bf5 31. Re8 Kh7 32. d4 Bxc5 33. dxc5 Bd3
34. Qc8 Bf5 35. Qd8 Qd7 36. Qb8 d4 37. Rh8+ Kg6 38. Qg3+ Kf7 39. Qb8 {Time} 0-1

[Event "4NCL"]
[Site "Barcelo Hotel, Daventry, ENG"]
[Date "2010.11.07"]
[Round "2.82"]
[White "Simons, Martin J"]
[Black "Walton, Alan J"]
[Result "1/2-1/2"]
[WhiteElo "2178"]
[BlackElo "2152"]
[PlyCount "106"]
[EventDate "2010.??.??"]
[WhiteTeam "Wessex 1"]
[BlackTeam "3Cs 1"]

1. e4 e6 2. d3 d5 3. Nd2 Nf6 4. Ngf3 Be7 5. g3 b5 6. Bg2 c5 7. O-O Nc6 8. Re1
Bb7 9. e5 Nd7 10. Nf1 g5 11. h3 h6 12. Qe2 Qc7 13. a3 a5 14. b3 a4 15. Bb2 Nb6
16. N1d2 Na5 17. Rec1 Rc8 18. Bc3 Nc6 19. d4 b4 20. Bb2 bxa3 21. Bxa3 cxd4 22.
Bxe7 Kxe7 23. bxa4 Ra8 24. Qb5 Nd7 25. Qb2 Rhb8 26. Nxd4 Nxd4 27. Qxd4 Qxe5 28.
Nf3 Qxd4 29. Nxd4 Nc5 30. Rcb1 Kd7 31. Rb4 Bc8 32. Rxb8 Rxb8 33. Bf1 Ba6 34.
Bb5+ Bxb5 35. axb5 Rb7 36. Ra8 Kd6 37. f4 gxf4 38. gxf4 Ne4 39. Rh8 Kc5 40. Nf3
Rxb5 41. Rxh6 Rb2 42. Ng5 Rxc2 43. Nxf7 d4 44. Ne5 Kd5 45. Rh8 Nc5 46. Rc8 Ke4
47. h4 Rc1+ 48. Kg2 Kxf4 49. Rxc5 Rxc5 50. Nd3+ Kg4 51. Nxc5 e5 52. h5 Kxh5 53.
Kf3 Kg5 1/2-1/2

[Event "4NCL"]
[Site "Barcelo Hotel, Daventry, ENG"]
[Date "2010.11.07"]
[Round "2.83"]
[White "Jaunooby, Ali Reza"]
[Black "Neil, David R"]
[Result "1-0"]
[WhiteElo "2225"]
[BlackElo "2154"]
[PlyCount "109"]
[EventDate "2010.??.??"]
[WhiteTeam "3Cs 1"]
[BlackTeam "Wessex 1"]

1. d4 Nf6 2. c4 g6 3. g3 Bg7 4. Bg2 d6 5. Nc3 O-O 6. e3 Nbd7 7. Nge2 e5 8. O-O
Re8 9. h3 h5 10. e4 c6 11. d5 Qc7 12. Be3 Nf8 13. Qd2 c5 14. b4 b6 15. bxc5
bxc5 16. f4 exf4 17. Bxf4 a6 18. e5 dxe5 19. d6 Qa7 20. Bg5 N6h7 21. Nd5 Nxg5
22. Qxg5 Bb7 23. d7 Nxd7 24. Ne7+ Rxe7 25. Qxe7 Bxg2 26. Rxf7 Bf8 27. Qe6 Qb6
28. Qxd7 Bxh3 29. Rxf8+ Rxf8 30. Qxh3 Qb2 31. Qe6+ Kg7 32. Rf1 Rxf1+ 33. Kxf1
Qb1+ 34. Kf2 Qe4 35. Qe7+ Kh6 36. Qf8+ Kh7 37. Qf7+ Kh6 38. Qd5 Qf5+ 39. Qf3
Qc2 40. Qb3 Qf5+ 41. Ke1 e4 42. Qe3+ Kh7 43. Nc3 Qe5 44. Kd2 Kg7 45. Kc2 h4 46.
gxh4 Qh2+ 47. Qe2 Qxh4 48. Qxe4 Qf2+ 49. Kb3 Qf6 50. Nd5 Qa1 51. Qe7+ Kh6 52.
Qf8+ Kh5 53. Nc3 Qg1 54. Qh8+ Kg5 55. Qa8 1-0

[Event "4NCL"]
[Site "Barcelo Hotel, Daventry, ENG"]
[Date "2010.11.07"]
[Round "2.84"]
[White "Rutter, Nick J"]
[Black "Burton, Graham P"]
[Result "1-0"]
[WhiteElo "2191"]
[BlackElo "2080"]
[PlyCount "97"]
[EventDate "2010.??.??"]
[WhiteTeam "Wessex 1"]
[BlackTeam "3Cs 1"]

1. e4 c5 2. Nf3 e6 3. d4 cxd4 4. Nxd4 Nc6 5. Nc3 Qc7 6. Be3 a6 7. Bd3 b5 8.
Nxc6 Qxc6 9. O-O Bb7 10. Kh1 Bc5 11. Qe1 Ne7 12. f3 Bxe3 13. Qxe3 b4 14. Ne2
O-O 15. Rfc1 Ng6 16. c3 bxc3 17. Rxc3 Qd6 18. Qd4 Qxd4 19. Nxd4 d5 20. exd5
Bxd5 21. Rac1 Nf4 22. Bf1 e5 23. Nc6 Bxa2 24. g3 Ng6 25. b3 Rfc8 26. Bd3 Rc7
27. Nb4 Rxc3 28. Rxc3 Bxb3 29. Rxb3 a5 30. Nc6 f6 31. Ra3 Kf8 32. Rxa5 Rxa5 33.
Nxa5 Ne7 34. Be4 g6 35. Bb7 Kf7 36. Nc6 Nxc6 37. Bxc6 f5 38. Kg2 Kf6 39. Kf2 h6
40. h4 g5 41. hxg5+ Kxg5 42. Ke3 h5 43. Bd7 Kf6 44. Be8 Kg5 45. Bd7 Kf6 46. Kf2
Kg5 47. Kg2 Kf6 48. Kh3 Kg5 49. Bc6 1-0

[Event "4NCL"]
[Site "Barcelo Hotel, Daventry, ENG"]
[Date "2010.11.07"]
[Round "2.85"]
[White "Ashton, David A"]
[Black "Yeo, Michael J"]
[Result "0-1"]
[WhiteElo "2010"]
[BlackElo "2183"]
[PlyCount "48"]
[EventDate "2010.??.??"]
[WhiteTeam "3Cs 1"]
[BlackTeam "Wessex 1"]

1. e4 e5 2. Nf3 Nc6 3. Bc4 Nf6 4. d4 exd4 5. O-O Bc5 6. e5 d5 7. exf6 dxc4 8.
fxg7 Rg8 9. Bg5 Be7 10. Re1 Be6 11. Bxe7 Kxe7 12. Nbd2 Qd5 13. b4 Rxg7 14. b5
Rag8 15. bxc6 Rxg2+ 16. Kf1 d3 17. cxd3 cxd3 18. Ne4 Rxh2 19. Ng3 Rxg3 20. fxg3
Re2 21. Rxe2 Qxf3+ 22. Kg1 dxe2 23. Qe1 Bd5 24. Qb4+ Ke8 0-1

[Event "4NCL"]
[Site "Barcelo Hotel, Daventry, ENG"]
[Date "2010.11.07"]
[Round "2.87"]
[White "Burke, Mitchell R"]
[Black "Thilaganathan, Jessica"]
[Result "0-1"]
[WhiteElo "1895"]
[BlackElo "1888"]
[PlyCount "64"]
[EventDate "2010.??.??"]
[WhiteTeam "3Cs 1"]
[BlackTeam "Wessex 1"]

1. e4 e6 2. Nf3 d5 3. e5 c5 4. b4 Qc7 5. bxc5 Bxc5 6. c3 Nc6 7. d4 Be7 8. Bd3
Bd7 9. O-O f6 10. Qe2 f5 11. Ng5 g6 12. f4 h5 13. Be3 Na5 14. Bb5 Bxg5 15. fxg5
Rc8 16. Nd2 a6 17. Bxd7+ Kxd7 18. Rfc1 Nc4 19. Nb3 b6 20. a4 Ke7 21. a5 b5 22.
Bf4 Kf7 23. h3 Ne7 24. g4 hxg4 25. hxg4 Rh4 26. gxf5 Nxf5 27. Rf1 Rch8 28. Nc5
Kg8 29. Nxe6 Qh7 30. Ra2 Rh1+ 31. Kf2 Qh4+ 32. Kg2 Nce3+ 0-1